Регионална библиотека "Любен Каравелов" - Русе

The Four (Запис номер 325523)

MARC детайли
000 -Лидер
Контролно поле с фиксирана дължина 00983nam a22002777a 4500
003 - Код на организацията, давaща контролен номер
Контролно поле BLK
005 - Дата и час на последна редакция
Контролно поле 20250708093148.0
008 - Елементи от данни с фиксирана дължина
fixed length control field 181018b bu ||||| |||| 00| 0 bu d
020 ## - Международен стандартен номер на книга ISBN
Международен стандартен номер на книга ISBN 9786190103073
040 ## - Източник на каталожния запис
Идентификатор на билиотеката - собственик на записа BLK
041 ## - Код за език
Код за езика на текст/звукозапис или на отделно заглавие Български
Код за езика КДБФ Български
080 ## - УДК
Текстов определител УДК Машинна графика
УДК код - определител по УДК 004
УДК - код + определител 004
100 ## - Редна дума - Автор
Автор Галоуей, Скот
Авторска отговорност първи автор
R(LIN) 1299
139 ## - Редно поле
Редна дума Галоуей, Скот
Авторски знак Гал - Г 18
245 ## - Сведения за заглавието
Заглавие The Four
Подзаглавни данни Скритата ДНК на Амазон, Епъл, Фейсбук и Гугъл
Редно поле (дума) Скот Галоуей ; прев. Мария Кондакова
260 ## - Област на издателските данни
9 (RLIN) 210881
Място на издаване, разпространение и проч. София
Име на издателя, разпространителя и проч. Изток-Запад
Година на издаване 2018
300 ## - Физическа характеристика
Страници 320 с.
Размери/Мащаб 20 см
380 ## - Жанр
Жанр Общ отдел
650 #0 - Допълнително описание по предмет – тема
9 (RLIN) 280577
Основно описание – тема или топоним Информационни мрежи
653 #7 - Ключова дума – ненормативна
9 (RLIN) 187785
Ключова дума информационни войни
852 ## - Местоположение
Фондова буква Заемна - подръчен фонд
Систематично-азбучна сигнатура П 004/Г 18
999 ## - СИСТЕМНИ КОНТРОЛНИ НОМЕРА
Koha biblionumber 325523
Koha biblioitemnumber 325523
942 ## - АРТИКУЛИ
Вид на библиотечния материал Книги
Скрит в OPAC Не
Koha issues (borrowed), all copies 9
Периодичен библиозапис Да
999 ## - СИСТЕМНИ КОНТРОЛНИ НОМЕРА
Koha biblioitemnumber 325523
999 ## - СИСТЕМНИ КОНТРОЛНИ НОМЕРА
Koha biblioitemnumber 325523
944 ## - СЪЗДАВАНЕ И РЕДАКЦИЯ на ЗАПИСА
Служител, извършил регистрацията/редакцията 30531
Статус, дата на статуса Цветелина Шанова
Наличности
Код за отписване Код за изгубен артикул Източник на класификационната схема Код за повреда Код за отдаване Артикулен № Име на библиотеката - собственик Име на библиотеката, в която се намира в момента Статус (Текущо местоположение) Дата на вписване в системата Местоположение - отдел Цена в лева Инвентарен номер Систематично азбучна сигнатура Баркод Цена в евро Служебен тип на артикула
  Не е изгубен Universal Decimal Classification Не е повреден заемане за дома 681489 Регионална библиотека "Любен Каравелов" Русе Регионална библиотека "Любен Каравелов" Русе Заемна - подръчен фонд 2018-10-19 Заемна - подръчен фонд 14.24 120000825164 004/Г 18 120000825164 7.28 Книги
  Не е изгубен Universal Decimal Classification Не е повреден ползва се в читалня 731404 Регионална библиотека "Любен Каравелов" Русе Регионална библиотека "Любен Каравелов" Русе Хранилище 2019-08-01 Хранилище 19.00   Цб 296044 120000834904 9.71 Книги
Vip Innovations Ltd, Rousse, Bulgaria 2025